000 00698nab a2200217u 4500
001 22898
003 HDC
007 c| |||a|c|aaaa
008 210310b20100109my ||||o |||| 00| 0 eng d
040 _aHDC
245 0 _aFrance today: a tale of halal foie gras and burkas Burka
336 _atext
_2rdacontent
337 _acomputer
_2rdamedia
338 _aonline resource
_2rdacarrier
650 _ahalal practices.
_96400
650 _ahalal sales
_919642
856 _zRequest full-text at [email protected]
942 _2lcc
942 _cNEWS
942 _kNWS0 005073
999 _c20214
_d20214